Diccionario Jurídico /

Guardado en:
Autor Principal: Fernández de León, Gonzalo
Formato: Libro
Idioma:Spanish
Publicado: Buenos Aires : Zavalía, 1955
Materias:
Etiquetas: Agregar Etiqueta
Sin Etiquetas, Sea el primero en etiquetar este registro!
LEADER 00407nam a22001335a 4500
001 DER.der013245
008 180615s1955####ag#||||||||||||||#||spa||
005 20251114154206.0
245 1 0 |a Diccionario Jurídico /  |c Gonzalo Fernández de León 
260 |a Buenos Aires :  |b Zavalía,  |c 1955 
300 |a 343 p. 
100 1 |a Fernández de León, Gonzalo 
650 7 |a DICCIONARIOS 
859 |a DERECHO  |b BIB. DERECHO  |h 340.03  |i FER  |p 008168